Aladdin Quiz - Statistics

General Stats
  • This quiz has been taken 40 times
  • The average score is 10 of 15
Answer Stats
Hint Answer % Correct
Monkey of Aladdin Abu
100%
Name of Quiz Aladdin
100%
Girlfriend of ^ Jasmine
100%
The Antagonist Jafar
97%
Comes out of lamp Genie
87%
Tiger of Jasmine Rajah
73%
Jasmine’s Dad The Sultan
73%
Flys Magic Carpet
70%
Pet of ^ Iago
67%
Prince version of Aladdin Prince Ali
60%
The company of Aladdin Disney
57%
The year movie released 1992
50%
Location of Aladdin’s Home Agrabah
50%
A side antagonist character Prince Achmed
0%
Location of Jafars Home The Cave of Wonders
0%
No matching quizzes found
Score Distribution
Percent of People with Each Score
Percentile by Number Answered
Your Score History
You have not taken this quiz